000 00389pab a2200145 454500
008 180718b1985 xxu||||| |||| 00| 0 eng d
100 _aSamarajiwa, Rohan
245 _aThird world entry to news market
_bProblems and possible solutions
260 _c1985
300 _a35-44
362 _a9th March
650 _aMass Media - Undeveloped Areas
773 _aManinstream
909 _a13341
999 _c13341
_d13341